000 01301cam a2200337 4500
001 179574
003 ES-MaACL
005 20250807210100.0
008 111222s2010 sp a | |||||||| | spa d ..|
015 _aMON1101
020 _a978-84-92874-28-6
080 _a316.344.32-055.2(460.23)"19"
080 _a929-054.73-055.2(=1.460.23:44)"19"
080 _a061.215-055.2(460.23)"19"
100 1 _aPessarrodona, Marta.
_991447
245 1 3 _aEl exilio violeta :
_bescritores y artistas catalanes exiliados en 1939 /
_cMarta Pessarrodona ; traducción de Mireia Sust.
250 _a1ª ed.
260 _aBarcelona :
_bMeteora :
_bDones per la Llibertat i la Democràcia,
_c2010.
300 _a279 p. ;
_c21 cm.
490 1 _aDones per la Llibertat i la Democràcia
504 _aBibliografía: p. 256-270. Índice.
650 _aMujeres intelectuales-
_zCataluña.
_9148804
650 4 _aExiliados catalanes-
_zFrancia.
_9148805
650 7 _aMujeres-
_zCataluña-
_xSociedades, asociaciones, etc.
_2
_9167586
700 1 _aSust, Mireia.
_9148806
830 0 _aDones per la Llibertat i la Democràcia
_9224502
852 _aES-MaACL
_9186471
_bR.146788
_jA-11798
_dOlim: N-4803
_cDEPO1
942 _2udc
_cMONOGRAFIA
999 _c179574
_d179574